00994 a2200193 45000010006000000050017000060080041000230030015000640400040000790800031001192450035001502640080001853000024002655050431002890410008007201000016007287000025007447000031007694431020260407155721.0260407a1959 arg spa dAR-UNSa-BCEJYS aAR-UNSa-BCEJYSbspacAR-UNSa-BCEJYS a330xEconomía en general10aIntroducción a la Economía 1aMéxico :bUnión Tipográfica Editorial Hispano-Americana (UTEHA)c1959 axii, 801 p.c23 cm. a1. Conceptos fundamentales - 2. La economía de mercado bajo pura competencia - 3. La economía de mercado en condiciones de competencia imperfecta - 4. La banca y la circulación monetaria - 5. Fluctuaciones económicas - 6. Empresas y trabajadores - 7. Agricultura - 8. Seguridad social - 9. Las relaciones económicas de los Estados Unidos con el extranjero - 10. Política fiscal - 11. Otros sistemas económicos. - aspa1 aGaos, Angel1 aRogge, Benjamín A.1 aVan Sickle, John Valentine